| 000 | 00671nam a2200205Ia 4500 | ||
|---|---|---|---|
| 003 | IN-BaIIA | ||
| 008 | 211028s9999 xx 000 0 eng d | ||
| 020 | _a3 540 50475 3 | ||
| 040 | _cIIA Library | ||
| 080 |
_a048.1:52 _b88-45 |
||
| 100 |
_aEsser, U. _99455 |
||
| 245 | 0 |
_aAstronomy and astrophysics abstracts _bvol. 45, pt. 1 _c U. Esser, H. Hefele and H. Heinri |
|
| 260 |
_aBerlin _bSpringer-Verlag _c1988 |
||
| 300 | _ax,1259p. | ||
| 650 |
_aAbstracts-Astronomy and Astrophysics _96051 |
||
| 650 | _aAstronomy and Astrophysics Thesaurus | ||
| 700 |
_aHefele, H _99915 |
||
| 700 |
_aHeinri, H _916012 |
||
| 942 | _cBK | ||
| 999 |
_c9508 _d9508 |
||